[Event "Challenge"]
[Site "http://www.queenalice.com/game.php?id=852003"]
[Date "2010.10.29"]
[Round "-"]
[White "Ghiceda"]
[Black "esteban"]
[Result "1-0"]
[WhiteElo "1995"]
[BlackElo "1977"]

1. f4 d5 2. Nf3 g6 3. e3 Bg7 4. c4 e6 5. d4 Nc6 6. Nc3 Nf6 7. Bd3 Nb4 8. Qa4+
Nc6 9. Ne5 Bd7 10. Nxd7 Qxd7 11. b4 dxc4 12. Bxc4 O-O 13. O-O a6 14. Qb3 b5 15.
Be2 Nd5 16. Nxd5 Qxd5 17. Bf3 Qd6 18. Bd2 Nxd4 19. exd4 Rad8 20. Rad1 Rd7 21.
Be3 Rfd8 22. d5 exd5 23. Bxd5 Qe7 24. Bc5 Qf6 25. Be4 Rxd1 26. Rxd1 Rxd1+ 27.
Qxd1 h5 28. g3 c6 29. a4 Qc3 30. Bxc6 bxa4 31. Bxa4 a5 32. Qc2 axb4 33. Qxc3
bxc3 34. Kf2 Kh7 35. Ke3 Kh6 36. Bb3 g5 37. f5 Bf6 38. Bd4 Kg7 39. h3 Bxd4+ 40.
Kxd4 Kf6 41. g4 h4 42. Bc2 Ke7 43. Kxc3 f6 44. Kd4 Kd6 45. Ba4 Ke7 46. Kd5 Kf7
47. Kd6 Kf8 48. Ke6 Kg7 49. Ke7 1-0

[Event "AUTO-ADV-1953"]
[Site "http://www.queenalice.com/game.php?id=852081"]
[Date "2010.10.29"]
[Round "1"]
[White "Blackangel"]
[Black "esteban"]
[Result "0-1"]
[WhiteElo "1832"]
[BlackElo "1957"]

1. e4 c5 2. Nf3 Nc6 3. d4 cxd4 4. Nxd4 Nxd4 5. Qxd4 d6 6. Qd5 Nf6 7. Bb5+ Nd7 8.
Bf4 Qc7 9. e5 a6 10. exd6 exd6 11. Bc4 Nb6 12. Qe4+ Be7 13. Bd3 Qc6 14. Qe2 Qxg2
15. Bxd6 Qxh1+ 16. Kd2 Be6 17. Be4 Qg1 18. Bxe7 Kxe7 19. Kc3 Rac8+ 20. Kb4 Qxh2
21. Nc3 Qd6+ 22. Ka5 Qc5+ 0-1

[Event "AUTO-ADV-1953"]
[Site "http://www.queenalice.com/game.php?id=852082"]
[Date "2010.10.29"]
[Round "1"]
[White "esteban"]
[Black "Blackangel"]
[Result "0-1"]
[WhiteElo "1936"]
[BlackElo "1887"]

1. d4 c5 2. dxc5 Qa5+ 3. Nc3 Qxc5 4. Nf3 Nf6 5. h3 d5 6. Bf4 Nc6 7. e3 Qb4 8.
Rb1 e6 9. a3 Qa5 10. Bd3 Be7 11. O-O O-O 12. Ne5 Nxe5 13. Bxe5 Nd7 14. Bh2 Bf6
15. Ne2 Ne5 16. Bxe5 Bxe5 17. f4 Bd6 18. Ng3 b6 19. Nh5 Bb7 20. Bxh7+ Kxh7 21.
Qg4 g6 22. Nf6+ Kg7 23. Qg5 Qd2 24. Nd7 Qxe3+ 25. Kh1 d4 26. Qf6+ Kg8 27. Nxf8
Rxf8 28. Qh4 Rc8 29. Rbe1 Qd2 30. Qf2 Qxc2 31. Re2 Qf5 32. Kg1 Bc5 33. Qh4 d3+
34. Ref2 d2 35. Rd1 Qe4 36. Rxd2 Qxg2# 0-1

[Event "AUTO-ADV-1953"]
[Site "http://www.queenalice.com/game.php?id=852097"]
[Date "2010.10.29"]
[Round "1"]
[White "thewhitebishop"]
[Black "esteban"]
[Result "1-0"]
[WhiteElo "2006"]
[BlackElo "1923"]

1. d4 d5 2. c4 c6 3. Nc3 Nf6 4. e3 g6 5. Nf3 Bg7 6. Bd3 Bg4 7. h3 Bxf3 8. Qxf3
O-O 9. g4 dxc4 10. Bxc4 e6 11. b4 Nd5 12. Nxd5 cxd5 13. Bd3 Nc6 14. Bd2 Qd6 15.
a3 e5 16. Qg3 Rad8 17. b5 Ne7 18. Bb4 Qe6 19. O-O e4 20. Be2 Rd7 21. Rfc1 f5 22.
Rc7 Rc8 23. Rxc8+ Kf7 24. Bxe7 Qxe7 25. gxf5 gxf5 26. Bh5+ Kf6 27. Qh4+ Ke6 28.
Re8 1-0

[Event "AUTO-ADV-1953"]
[Site "http://www.queenalice.com/game.php?id=852098"]
[Date "2010.10.29"]
[Round "1"]
[White "esteban"]
[Black "thewhitebishop"]
[Result "1-0"]
[WhiteElo "1968"]
[BlackElo "1787"]

1. d4 Nf6 2. e3 e6 3. Bd3 c5 4. c3 Nc6 5. Nd2 d5 6. f4 c4 7. Bc2 b5 8. a3 Be7 9.
h3 a5 10. b3 O-O 11. Ngf3 Nh5 12. O-O f5 13. Ne5 Nxe5 14. dxe5 Ng3 15. Rf2 Bc5
16. Nf1 Ne4 17. Bxe4 fxe4 18. Bb2 Qb6 19. Bc1 Bd7 20. Rfa2 Rxf4 21. Kh1 Rf5 22.
b4 Be7 23. Ng3 Rxe5 24. bxa5 Qc7 25. Rd2 Bc5 26. Rf2 Rg5 27. Nh5 Qe5 28. Bd2
Rxh5 29. Rf4 Bd6 30. Qg1 Rxa5 31. Raf1 Rxa3 32. Rf7 Be8 33. R7f4 Qg5 34. Rg4 Qh6
35. Qf2 1-0

[Event "AUTO-ADV-1953"]
[Site "http://www.queenalice.com/game.php?id=852107"]
[Date "2010.10.29"]
[Round "1"]
[White "njnnjn"]
[Black "esteban"]
[Result "0-1"]
[WhiteElo "1859"]
[BlackElo "1911"]

1. d4 d5 2. g3 Nf6 3. Bg2 e6 4. Nc3 c5 5. Bf4 Nc6 6. dxc5 Bxc5 7. Nb5 e5 8. Bg5
Be6 9. Bxf6 gxf6 10. e4 Qa5+ 11. Nc3 d4 12. Ne2 dxc3 13. bxc3 Rd8 14. Qc1 Nd4
15. Nxd4 Qxc3+ 16. Kf1 Bxd4 17. Rb1 b6 18. h4 Ke7 19. Bh3 Qf3 0-1

[Event "AUTO-ADV-1953"]
[Site "http://www.queenalice.com/game.php?id=852108"]
[Date "2010.10.29"]
[Round "1"]
[White "esteban"]
[Black "njnnjn"]
[Result "0-1"]
[WhiteElo "1943"]
[BlackElo "1898"]

1. e4 e5 2. Nf3 Nc6 3. d4 exd4 4. Nxd4 Nxd4 5. Qxd4 Nf6 6. Nc3 b6 7. Bd3 Bb7 8.
Bg5 Bc5 9. Qe5+ Be7 10. O-O-O O-O 11. Bxf6 Bxf6 12. Qf5 g6 13. Qf3 Bxc3 14. bxc3
Qg5+ 15. Rd2 a5 16. g3 Rfe8 17. h4 Qe5 18. Re1 Qxc3 19. Kd1 d5 20. Rde2 dxe4 21.
Rxe4 Bxe4 22. Rxe4 Rxe4 23. Bxe4 Qxf3+ 24. Bxf3 Rd8+ 25. Kc1 h5 26. Kb2 Rd2 27.
Bc6 Rxf2 28. a4 Rd2 29. Kc3 Rd6 30. Bb7 Re6 31. Kc4 Re3 32. Kd5 Rxg3 33. Kc6
Rc3+ 34. Kd7 Rxc2 35. Bc6 Rc4 36. Kxc7 Rxh4 37. Kxb6 g5 38. Kxa5 Rd4 39. Kb6 g4
40. a5 Rd8 41. a6 h4 42. Kc7 Rf8 43. Bd7 Ra8 44. Kb7 Rxa6 45. Kxa6 g3 46. Bh3 f5
47. Kb5 f4 48. Kc4 f3 49. Kd3 g2 0-1

[Event "Challenge"]
[Site "http://www.queenalice.com/game.php?id=853919"]
[Date "2010.11.3"]
[Round "-"]
[White "Snoopy_GM"]
[Black "esteban"]
[Result "1-0"]
[WhiteElo "1891"]
[BlackElo "1962"]

1. d4 d5 2. c4 e6 3. cxd5 exd5 4. Nc3 Be6 5. Nf3 h6 6. Bf4 Bd6 7. Bxd6 Qxd6 8.
e3 Ne7 9. Be2 O-O 10. O-O a6 11. a3 b5 12. b4 Nd7 13. h3 Ng6 14. Bd3 Nb6 15.
Bxg6 fxg6 16. Ne5 Rf6 17. Ne2 Nc4 18. Nd3 g5 19. Nc5 c6 20. Ng3 g6 21. a4 Raf8
22. Qe2 Bc8 23. axb5 cxb5 24. e4 dxe4 25. Ngxe4 Qxd4 26. Nxf6+ Rxf6 27. Rad1 Qf4
28. Rd8+ Rf8 29. Rxc8 1-0

[Event "Challenge"]
[Site "http://www.queenalice.com/game.php?id=869103"]
[Date "2010.12.7"]
[Round "-"]
[White "Canaye"]
[Black "esteban"]
[Result "1/2-1/2"]
[WhiteElo "1855"]
[BlackElo "1951"]

1. e4 c5 2. d4 cxd4 3. Qxd4 Nc6 4. Qd1 e5 5. Bd3 Nf6 6. Nf3 Bc5 7. O-O d6 8. Bg5
Bg4 9. h3 Bh5 10. Nc3 h6 11. Bxf6 Qxf6 12. Nd5 Qd8 13. c4 O-O 14. g4 Bg6 15. a3
Nd4 16. b4 Nxf3+ 17. Qxf3 Bd4 18. Rab1 b6 19. Ne3 Bxe3 20. Qxe3 Rc8 21. f4 Qf6
22. g5 hxg5 23. fxg5 Qe6 24. Rf3 f6 25. gxf6 Rxf6 26. Rbf1 Rcf8 27. Rxf6 Rxf6
28. c5 dxc5 29. Rc1 Kh8 30. bxc5 bxc5 31. Rxc5 Rf4 32. Rd5 Rh4 33. Rd8+ Kh7 34.
Kh2 Qb6 35. Qxb6 axb6 36. Rc8 Rf4 37. Rb8 Bxe4 38. Bxe4+ Rxe4 39. Rxb6 Re3 40.
a4 e4 41. a5 Ra3 42. a6 e3 43. Re6 g6 1/2-1/2

[Event "Challenge"]
[Site "http://www.queenalice.com/game.php?id=869105"]
[Date "2010.12.7"]
[Round "-"]
[White "esteban"]
[Black "Canaye"]
[Result "1-0"]
[WhiteElo "1943"]
[BlackElo "1884"]

1. e4 e6 2. d4 d5 3. exd5 exd5 4. Nf3 Nf6 5. Bd3 c5 6. dxc5 Bxc5 7. O-O O-O 8.
Bg5 Nbd7 9. Nc3 h6 10. Bh4 Qc7 11. Re1 a6 12. Qd2 b5 13. Re2 Qb6 14. Rae1 Bb7
15. Ne5 Nxe5 16. Rxe5 Ng4 17. Nxd5 Bxd5 18. Rxd5 Qc7 19. Bg3 Bxf2+ 20. Bxf2
Qxh2+ 21. Kf1 Qh1+ 22. Ke2 Rae8+ 23. Kd1 Qxg2 24. Rf5 Rxe1+ 25. Bxe1 Qxd2+ 26.
Bxd2 g6 27. Rc5 Nf2+ 28. Kc1 Nxd3+ 29. cxd3 Kg7 30. Rc6 Rd8 31. Bc3+ Kh7 32. Kc2
a5 33. Bxa5 h5 34. Bxd8 1-0

[Event "AUTO-ADV-2010"]
[Site "http://www.queenalice.com/game.php?id=874264"]
[Date "2010.12.20"]
[Round "1"]
[White "maurice91"]
[Black "esteban"]
[Result "0-1"]
[WhiteElo "1855"]
[BlackElo "1947"]

1. c4 e5 2. Nc3 Nf6 3. e4 Bc5 4. h3 Nc6 5. Nf3 d6 6. d3 Be6 7. Bg5 h6 8. Bh4 Nd4
9. Nxd4 Bxd4 10. Nd5 g5 11. Nxf6+ Qxf6 12. Bg3 h5 13. Qd2 h4 14. Bh2 Qg6 15. Be2
g4 16. hxg4 Bxg4 17. f3 Be6 18. O-O-O Qxg2 19. f4 exf4 20. Bxf4 Qg7 21. Rdf1
O-O-O 22. Bf3 Bg4 23. Bxg4+ Qxg4 24. Kb1 b6 25. Be3 Bxe3 26. Qxe3 Rdf8 27. e5
Qe6 28. Rf6 Qxe5 29. Qh3+ Kb8 30. Rf5 Qg3 31. Qf1 Rh7 32. Qd1 Rfh8 33. Rhf1 h3
34. Rxf7 Rxf7 35. Rxf7 h2 36. Rf1 Rg8 37. Rh1 Qg2 38. a3 Qg1 39. Kc1 Qxd1+ 40.
Kxd1 Rg1+ 0-1

[Event "AUTO-ADV-2010"]
[Site "http://www.queenalice.com/game.php?id=874265"]
[Date "2010.12.20"]
[Round "1"]
[White "esteban"]
[Black "maurice91"]
[Result "1-0"]
[WhiteElo "1939"]
[BlackElo "1849"]

1. d4 d5 2. e3 c5 3. Bb5+ Bd7 4. Bxd7+ Nxd7 5. Nf3 Ngf6 6. dxc5 Nxc5 7. Nc3 e6
8. Qe2 Be7 9. O-O O-O 10. Ne5 h6 11. h3 Bd6 12. Nd3 b6 13. Nxc5 bxc5 14. Bd2 Qc7
15. f4 Rab8 16. b3 d4 17. exd4 cxd4 18. Ne4 Nxe4 19. Qxe4 Bc5 20. Kh1 Rbd8 21.
Rf3 Qe7 22. Raf1 f5 23. Qd3 Rd5 24. c4 dxc3 25. Qxc3 Bb4 26. Qxb4 Qd7 27. Bc3 g5
28. fxg5 hxg5 29. Rg3 Qd8 30. Re3 Re8 31. Rfe1 Qd7 32. Bf6 g4 33. hxg4 Qf7 34.
Bb2 fxg4 35. Qxg4+ Kf8 36. Rf3 Rf5 37. Rxf5 Qxf5 38. Qg7# 1-0

[Event "AUTO-ADV-2010"]
[Site "http://www.queenalice.com/game.php?id=874280"]
[Date "2010.12.20"]
[Round "1"]
[White "michas"]
[Black "esteban"]
[Result "0-1"]
[WhiteElo "1801"]
[BlackElo "1918"]

1. g3 e5 2. Bg2 d5 3. Nf3 Nc6 4. d3 Bg4 5. O-O Be7 6. c4 dxc4 7. dxc4 Qxd1 8.
Rxd1 Nf6 9. h3 Be6 10. b3 O-O 11. Nc3 Rad8 12. Bb2 a6 13. Rxd8 Rxd8 14. Rd1
Rxd1+ 15. Nxd1 Bd6 16. Ng5 Bd7 17. Ne3 h6 18. Ne4 Nxe4 19. Bxe4 Bxh3 20. Kh2 Be6
21. Nd5 Bxd5 22. Bxd5 Kf8 23. Bxc6 bxc6 24. e4 Ke7 25. Kg2 Ke6 26. Kh3 g6 27. f3
h5 28. g4 Kf6 29. Kh4 c5 30. f4 hxg4 31. Kxg4 Ke6 32. Bc1 exf4 33. Bxf4 Bxf4 34.
Kxf4 f6 35. a3 g5+ 36. Ke3 Ke5 37. b4 cxb4 38. axb4 c6 39. Kf3 f5 40. exf5 Kxf5
41. b5 cxb5 42. c5 Ke5 43. Kg4 Kd5 44. Kxg5 Kxc5 0-1

[Event "AUTO-ADV-2010"]
[Site "http://www.queenalice.com/game.php?id=874281"]
[Date "2010.12.20"]
[Round "1"]
[White "esteban"]
[Black "michas"]
[Result "0-1"]
[WhiteElo "1959"]
[BlackElo "1792"]

1. e4 g6 2. d4 Bg7 3. Nc3 d6 4. h4 h5 5. Be3 Nc6 6. a3 b6 7. f4 Bg4 8. Be2 Bxe2
9. Ngxe2 e6 10. e5 dxe5 11. fxe5 Nge7 12. Qd3 Nf5 13. Bg5 Qd7 14. O-O-O Nfe7 15.
Rhf1 Bh6 16. Qf3 Bxg5+ 17. hxg5 Nf5 18. Qf4 O-O-O 19. Rd2 a6 20. Rfd1 Qe7 21. d5
exd5 22. Nxd5 Qe6 23. Nf6 Rxd2 24. Rxd2 Qa2 25. c3 Qa1+ 26. Kc2 Na5 27. Qe4 c6
28. e6 Qa2 29. e7 Qb3+ 30. Kb1 Nxe7 31. Qxe7 Nc4 32. Qd7+ Kb8 33. Rc2 Nxa3+ 0-1

[Event "AUTO-ADV-2010"]
[Site "http://www.queenalice.com/game.php?id=874292"]
[Date "2010.12.20"]
[Round "1"]
[White "esteban"]
[Black "roda"]
[Result "0-1"]
[WhiteElo "1916"]
[BlackElo "1973"]

1. e4 e5 2. Nf3 Nf6 3. d3 d5 4. Be2 Bd6 5. Bg5 dxe4 6. dxe4 O-O 7. Nc3 Bb4 8.
Qxd8 Rxd8 9. O-O Nbd7 10. Rfd1 Bxc3 11. bxc3 Re8 12. Bd3 h6 13. Bxf6 Nxf6 14.
Rab1 b6 15. h3 c5 16. Nh4 Be6 17. a3 c4 18. Be2 Nxe4 19. Rb4 Nxc3 20. Rd2 e4 21.
Bxc4 g5 22. Bxe6 Rxe6 23. Nf5 Kh7 24. Rd7 Kg6 25. Ne3 f5 26. Rb3 Rc6 27. Kh2 h5
28. g3 f4 29. gxf4 gxf4 30. Ng2 f3 31. Ne3 a5 32. Rb7 b5 33. h4 Rd8 34. Ra7 a4
35. Rb4 Rd2 36. Kg3 Ne2+ 37. Kh2 Nf4 38. Kg3 Ne2+ 39. Kh2 Nd4 40. Kg1 Nxc2 41.
Nxc2 Rdxc2 42. Rxe4 Rd6 43. Re1 Rc4 44. Ree7 Rxh4 45. Rg7+ Kf5 46. Rgf7+ Rf6 47.
Rfc7 Rg6+ 0-1

[Event "AUTO-ADV-2010"]
[Site "http://www.queenalice.com/game.php?id=874293"]
[Date "2010.12.20"]
[Round "1"]
[White "roda"]
[Black "esteban"]
[Result "1-0"]
[WhiteElo "1919"]
[BlackElo "1957"]

1. e4 e5 2. Nf3 d6 3. d4 exd4 4. Nxd4 Nf6 5. Bd3 Nc6 6. Nxc6 bxc6 7. Qf3 Bd7 8.
O-O Be7 9. Nc3 O-O 10. Qg3 Nh5 11. Qe3 h6 12. e5 Bg5 13. f4 Be7 14. Qf3 g6 15.
f5 dxe5 16. Bxh6 Bc5+ 17. Kh1 Ng7 18. Qg3 Nh5 19. Qg4 Kh7 20. Bxf8 Bxf8 21.
fxg6+ Kh8 22. Qxh5+ 1-0

[Event "Challenge"]
[Site "http://www.queenalice.com/game.php?id=883346"]
[Date "2011.1.8"]
[Round "-"]
[White "Ebbe"]
[Black "esteban"]
[Result "1-0"]
[WhiteElo "1954"]
[BlackElo "1929"]

1. e4 c6 2. e5 f6 3. Nf3 fxe5 4. Nxe5 d6 5. Qh5+ g6 6. Nxg6 hxg6 7. Qxh8 Nf6 8.
d4 Qa5+ 9. c3 Bf5 10. Bh6 Nbd7 11. Bxf8 Nxf8 12. Qh6 O-O-O 13. Be2 Ng4 14. Bxg4
Bxg4 15. Qh4 Qf5 16. O-O g5 17. Qg3 Bh5 18. Nd2 g4 19. Rae1 e6 20. Nc4 Kc7 21.
Ne3 Qg6 22. Re2 Rd7 23. c4 Qd3 24. Nd5+ 1-0

[Event "Challenge"]
[Site "http://www.queenalice.com/game.php?id=894764"]
[Date "2011.2.2"]
[Round "-"]
[White "zhyuriy"]
[Black "esteban"]
[Result "1-0"]
[WhiteElo "1965"]
[BlackElo "1875"]

1. d4 d5 2. c4 e6 3. Nc3 Nf6 4. Bg5 h6 5. Bh4 g5 6. Bg3 Bb4 7. f3 Bd7 8. e3 Nc6
9. Bd3 Bd6 10. Nge2 Bxg3+ 11. hxg3 Nb4 12. Bb1 dxc4 13. e4 Qe7 14. a3 Na6 15. g4
O-O-O 16. b4 h5 17. gxh5 Rxh5 18. Rxh5 Nxh5 19. b5 Nb8 20. Qa4 Nf4 21. Nxf4 gxf4
22. Qxc4 Qh4+ 23. Kd2 Qf2+ 24. Ne2 Qxg2 25. Qb3 c6 26. a4 Rh8 27. Ra3 Rh2 28.
Qd3 Qf1 29. Rc3 Kd8 30. Rc1 Qf2 31. Re1 cxb5 32. axb5 a6 33. bxa6 Nxa6 34. Qa3
Qxd4+ 35. Qd3 Qxd3+ 36. Bxd3 Rf2 37. e5 Rxf3 38. Be4 Nc5 39. Bxf3 1-0

[Event "AUTO-ADV-2058"]
[Site "http://www.queenalice.com/game.php?id=894801"]
[Date "2011.2.2"]
[Round "1"]
[White "Marcelo_Bruno"]
[Black "esteban"]
[Result "1-0"]
[WhiteElo "1963"]
[BlackElo "1862"]

1. e4 e5 2. Nf3 d6 3. d4 exd4 4. Nxd4 Nf6 5. Nc3 Nc6 6. Bb5 Bd7 7. Nxc6 bxc6 8.
Bd3 Be7 9. O-O O-O 10. Bg5 h6 11. Bh4 Ng4 12. Bxe7 Qxe7 13. Qf3 Ne5 14. Qe3 Nxd3
15. cxd3 Rfb8 16. b3 Rb7 17. f4 d5 18. e5 Qb4 19. Na4 Rb5 20. d4 Re8 21. f5 Qe7
22. Nc5 Bc8 23. Qg3 Qg5 24. Qxg5 hxg5 25. g4 Kf8 26. h3 Rb4 27. a3 Rxd4 28. e6
fxe6 29. fxe6+ Kg8 30. Rae1 Kh7 31. Rf7 Re4 32. Rxe4 dxe4 33. e7 Kg8 34. Rf2
Rxe7 35. Kf1 Re5 36. b4 a5 37. Rd2 1-0

[Event "AUTO-ADV-2058"]
[Site "http://www.queenalice.com/game.php?id=894802"]
[Date "2011.2.2"]
[Round "1"]
[White "esteban"]
[Black "Marcelo_Bruno"]
[Result "0-1"]
[WhiteElo "1875"]
[BlackElo "1950"]

1. e4 e5 2. Nf3 f6 3. d4 d5 4. dxe5 fxe5 5. exd5 e4 6. Ng5 Bf5 7. Nc3 Nf6 8. Be3
h6 9. Nh3 Bd6 10. Bb5+ Nbd7 11. Qe2 O-O 12. O-O-O Ne5 13. Nf4 Bg4 14. f3 exf3
15. Qf2 fxg2 16. Qxg2 Bf3 17. Qh3 Qe7 18. Ne6 Rf7 19. Rdg1 Bxh1 20. Rxh1 a6 21.
Be2 c6 22. Rg1 Nxd5 23. Nxg7 Rxg7 24. Rxg7+ Qxg7 25. Qe6+ Nf7 26. Nxd5 cxd5 27.
Bh5 Rf8 28. Bxf7+ Rxf7 29. Qxd6 Rf1+ 30. Kd2 Qg2+ 31. Kd3 Rd1+ 32. Kc3 d4+ 33.
Bxd4 Qc6+ 34. Qxc6 bxc6 35. Be3 Rh1 36. Bf4 Kg7 37. a4 Rd1 0-1

[Event "AUTO-ADV-2058"]
[Site "http://www.queenalice.com/game.php?id=894813"]
[Date "2011.2.2"]
[Round "1"]
[White "luizimbroisi"]
[Black "esteban"]
[Result "0-1"]
[WhiteElo "1973"]
[BlackElo "1914"]

1. d4 d5 2. c4 e6 3. cxd5 exd5 4. Nc3 Be6 5. Nf3 Nf6 6. Bg5 h6 7. Bh4 Bd6 8. Ne5
a6 9. e3 g5 10. Bg3 Nh5 11. Qxh5 Qf6 12. Bd3 Nd7 13. e4 Nxe5 14. dxe5 Bxe5 15.
Nxd5 Bxd5 16. exd5 Bxg3 17. fxg3 O-O-O 18. Qg4+ Kb8 19. Qf3 Rhe8+ 20. Kf2 Qxb2+
21. Be2 Qd4+ 0-1

[Event "AUTO-ADV-2058"]
[Site "http://www.queenalice.com/game.php?id=894814"]
[Date "2011.2.2"]
[Round "1"]
[White "esteban"]
[Black "luizimbroisi"]
[Result "0-1"]
[WhiteElo "1932"]
[BlackElo "1944"]

1. e4 e5 2. Nf3 Nc6 3. Bc4 Nf6 4. d3 d6 5. Be3 Be7 6. h3 d5 7. exd5 Nxd5 8. Bxd5
Qxd5 9. Nc3 Bb4 10. O-O Bxc3 11. bxc3 Bf5 12. c4 Qe6 13. Rb1 b6 14. Nh4 O-O-O
15. Nxf5 Qxf5 16. f3 Rd6 17. Rb2 Rg6 18. Qe2 Qxh3 19. Rfb1 f5 20. Kf1 Qh1+ 21.
Bg1 Nd4 22. Qxe5 Qxg2+ 23. Ke1 Re6 0-1

[Event "AUTO-ADV-2058"]
[Site "http://www.queenalice.com/game.php?id=894821"]
[Date "2011.2.2"]
[Round "1"]
[White "esteban"]
[Black "Liammason"]
[Result "0-1"]
[WhiteElo "1850"]
[BlackElo "1639"]

1. d4 Nc6 2. e3 e5 3. dxe5 Nxe5 4. Nf3 Bd6 5. Nxe5 Bxe5 6. Bc4 c6 7. Nc3 Nf6 8.
f4 Bxc3+ 9. bxc3 d5 10. Bd3 Bg4 11. Qd2 O-O 12. O-O Re8 13. h3 Re6 14. hxg4 Nxg4
15. g3 Qf6 16. Kg2 Nxe3+ 17. Kg1 Nxf1 18. Kxf1 Rae8 19. Ba3 Re3 20. Bc5 Rxg3 21.
Qh2 Qxf4+ 22. Bf2 Rf3 23. Qxf4 Rxf4 24. Rb1 b6 25. Re1 Re6 26. Rxe6 fxe6 27. a3
Ra4 28. Ke2 Rxa3 29. c4 c5 30. cxd5 exd5 31. Bb5 a6 32. Bc6 d4 33. Kd2 b5 34.
Bh4 Rh3 35. Be7 c4 36. Bd7 Rh2+ 37. Kc1 h5 38. Bd6 Rh1+ 39. Kb2 g5 40. Be6+ Kg7
0-1

[Event "AUTO-ADV-2058"]
[Site "http://www.queenalice.com/game.php?id=894822"]
[Date "2011.2.2"]
[Round "1"]
[White "Liammason"]
[Black "esteban"]
[Result "1-0"]
[WhiteElo "1634"]
[BlackElo "1902"]

1. e4 c6 2. Bc4 d5 3. exd5 cxd5 4. Bb5+ Nc6 5. d4 a6 6. Bxc6+ bxc6 7. Be3 Bf5 8.
g4 Bg6 9. h4 h6 10. Nd2 e6 11. h5 Bh7 12. Nb3 Bd6 13. a3 Nf6 14. Qe2 Ne4 15.
O-O-O Qb6 16. Rh3 Rb8 17. Nf3 f6 18. Nfd2 Nxd2 19. Rxd2 a5 20. Bxh6 a4 21. Qxe6+
Be7 22. Re2 Rb7 23. Bxg7 Bg8 24. Qc8+ Kf7 25. Bxh8 axb3 26. Rxb3 Rc7 27. Rxb6
Rxc8 28. Rb7 Re8 29. Rc7 Bh7 30. a4 Be4 31. Bxf6 Kxf6 32. f3 Bxf3 33. Rf2 1-0